000 01080nam a2200277 4500
001 103312
003 ES-MaACL
005 20250624062923.0
007 t|
008 060215s1968 sp a |||| | spa d
080 _a738(520)(083.824)
245 0 0 _aCerámica japonesa
_b: [exposición, Sala de Santa Catalina del Ateneo de Madrid, marzo de 1968] /
_c[texto, Alberto Folch y Eudaldo Serra].
260 _a[Madrid] :
_bPublicaciones Españolas,
_c[1968]
300 _a[22] p. :
_bil. ;
_c28 cm.
490 1 _aCuadernos de Arte.
_aColección Ordinaria. Libros de Arte Extranjero ;
_v250
610 2 7 _aAteneo de Madrid-
_vExposiciones-
_y1960-1969.
_91920
650 1 4 _aCerámica-
_zJapón-
_vExposiciones.
_9145810
655 7 _2tgfbne
_9193628
_aCatálogos de exposiciones
700 1 _aFolch, Alberto.
_951436
700 1 _aSerra, Eudald.
_9105606
710 2 _aAteneo de Madrid.
_bSala de Santa Catalina.
_91964
830 0 _aCuadernos de arte. Colección ordinaria
_v250
_9180064
852 _aES-MaACL
_j2202-F-15
942 _2udc
999 _c103312
_d103312